000 01080nam0a2200301 4500
001 RU\NLR\bibl\1228290
005 20250615113507.0
010 _a978-5-9743-0105-6
_95000
021 _aRU
_b2008-22171
_91215
035 _a(NLR Aleph) 001214579
090 _a99613
_c99613
100 _a20080519d2008 |||y0rusy50 ca
101 1 _arus
_cswe
102 _aRU
105 _aa |||||||||
200 1 _aКогда у принцесс день рождения
_e[для чтения взрослыми детям]
_fПер Густавсон
_gпер. с швед. Марии Людвиковой
_g[ил. Пера Густавсона]
210 _aМосква
_cОткрытый мир
_d2008
215 _a[26] с.
_cцв. ил.
_d30
225 1 _aИз книг оранжевой коровы
686 _aШ9(4Шв)60-4
700 1 _aГуставсон
_bП.
_gПер
_4070
702 1 _aГуставсон
_bП.
_gПер
_4440
801 0 _aRU
_bNLR
_c20080519
_gRCR
801 1 _aRU
_bNLR
_c20080519
942 _cBOOK
980 _aNB